Leniency program
Niektoré typy dohôd obmedzujúcich súťaž, najmä tie, uzatvorené medzi konkurentmi a týkajúce sa určenia cien, delenia trhov, obmedzovania výroby alebo koordinácie správania v procese verejného obstarávania, patria medzi najzávažnejšie porušenia zákona o ochrane hospodárskej súťaže (tieto typy dohôd s...
Gespeichert in:
| 1. Verfasser: | |
|---|---|
| Format: | Buchkapitel |
| Sprache: | Slowakisch |
| Schlagworte: | |
| Tags: |
Keine Tags, Fügen Sie das erste Tag hinzu!
|
MARC
| LEADER | 00000nla$a2200000$$$4500 | ||
|---|---|---|---|
| 001 | 0109435 | ||
| 005 | 20240502072217.3 | ||
| 041 | 0 | |a slo | |
| 044 | |a SK | ||
| 245 | 1 | 0 | |a Leniency program |c Darina Zwiebová |
| 520 | |a Niektoré typy dohôd obmedzujúcich súťaž, najmä tie, uzatvorené medzi konkurentmi a týkajúce sa určenia cien, delenia trhov, obmedzovania výroby alebo koordinácie správania v procese verejného obstarávania, patria medzi najzávažnejšie porušenia zákona o ochrane hospodárskej súťaže (tieto typy dohôd sa nazývajú aj kartelové dohody) s výrazným negatívnym dopadom na spotrebiteľa, ako aj na celé odvetvie. Odhaľovať tieto dohody a chrániť hospodársku súťaž umožňuje leniency program - program miernejšieho režimu pri udeľovaní pokút, nazývaný aj programom zhovievavosti. | ||
| 610 | 2 | 0 | |a súťaž hospodárska |
| 610 | 2 | 0 | |a kartely |
| 610 | 2 | 0 | |a konkurencia |
| 610 | 2 | 0 | |a pokuty |
| 610 | 2 | 0 | |a dohody |
| 610 | 2 | 0 | |a hospodárstvo trhové |
| 100 | 1 | |a Zwiebová, Darina | |